书目信息 |
| 题名: |
区域体育赛事社会文化环境指标体系构建
|
|
| 作者: | 项蔓 , 覃湘庸 著 | |
| 分册: | ||
| 出版信息: | 杭州 浙江大学出版社 2017.01 |
|
| 页数: | 170页 | |
| 开本: | 21cm | |
| 丛书名: | ||
| 单 册: | ||
| 中图分类: | G808.2 | |
| 科图分类: | ||
| 主题词: | 运动竞赛--文化研究 | |
| 电子资源: | 9787308164931.jpg | |
| ISBN: | 978-7-308-16493-1 | |
| 000 | 01035nam0 2200289 450 | |
| 001 | 008895720 | |
| 005 | 20170605161813.01 | |
| 010 | @a978-7-308-16493-1@dCNY30.00 | |
| 092 | @aCN@b人天766-0947 | |
| 100 | @a20170223d2017 em y0chiy50 ea | |
| 101 | 0 | @achi |
| 102 | @aCN@b330000 | |
| 105 | @ay z 001yy | |
| 106 | @ar | |
| 200 | 1 | @a区域体育赛事社会文化环境指标体系构建@9qu yu ti yu sai shi she hui wen hua huan jing zhi biao ti xi gou jian@f项蔓,覃湘庸著 |
| 210 | @a杭州@c浙江大学出版社@d2017.01 | |
| 215 | @a170页@d21cm | |
| 300 | @a浙江省自然科学基金青年基金项目 | |
| 330 | @a本书包括区域体育赛事社会文化环境指标体系的构建研究综述、区域体育赛事社会文化环境的人员结构指标研究、区域体育赛事产业文化环境指标研究等内容。 | |
| 333 | @a运动竞赛文化研究者 | |
| 606 | 0 | @a运动竞赛@x文化研究 |
| 690 | @aG808.2@v5 | |
| 701 | 0 | @a项蔓@9xiang man@c(女,@f1977-)@4著 |
| 701 | 0 | @a覃湘庸@9qin xiang yong@f(1982-)@4著 |
| 801 | 0 | @aCN@b人天书店@c20170504 |
| 856 | @u9787308164931.jpg | |
| 905 | @b991437-41@dG808.2@e586@f5 | |
| 区域体育赛事社会文化环境指标体系构建/项蔓,覃湘庸著.-杭州:浙江大学出版社,2017.01 |
| 170页;21cm |
| 浙江省自然科学基金青年基金项目.-使用对象:运动竞赛文化研究者 |
| ISBN 978-7-308-16493-1:CNY30.00 |
| 本书包括区域体育赛事社会文化环境指标体系的构建研究综述、区域体育赛事社会文化环境的人员结构指标研究、区域体育赛事产业文化环境指标研究等内容。 |
| ● |
| 相关链接 |
|
|
|
|
正题名:区域体育赛事社会文化环境指标体系构建
索取号:G808.2/586
 
预约/预借
| 序号 | 登录号 | 条形码 | 馆藏地/架位号 | 状态 | 备注 |
| 1 | 991437 | 209914379 | 第一样本阅览室/ [索取号:G808.2/586] | 在馆 | |
| 2 | 991438 | 209914388 | 密集书库-体育系/ [索取号:G808.2/586] | 在馆 | |
| 3 | 991439 | 209914397 | 第四借阅区/ [索取号:G808.2/586] | 在馆 | |
| 4 | 991440 | 209914404 | 第四借阅区/ [索取号:G808.2/586] | 在馆 | |
| 5 | 991441 | 209914413 | 第四借阅区/ [索取号:G808.2/586] | 在馆 |